Sermons on Old Testament characters. Sermons on New Testament characters / (Record no. 8947)
[ view plain ]
| 000 -LEADER | |
|---|---|
| fixed length control field | 00868cam a2200253Ma 4500 |
| 001 - CONTROL NUMBER | |
| control field | 167172986 |
| 003 - CONTROL NUMBER IDENTIFIER | |
| control field | OCoLC |
| 005 - DATE AND TIME OF LATEST TRANSACTION | |
| control field | 20241126110702.0 |
| 008 - FIXED-LENGTH DATA ELEMENTS--GENERAL INFORMATION | |
| fixed length control field | 020110t19251924nyu 000 0 eng d |
| 035 ## - SYSTEM CONTROL NUMBER | |
| System control number | (OCoLC)167172986 |
| 040 ## - CATALOGING SOURCE | |
| Original cataloging agency | ZF3 |
| Transcribing agency | ZF3 |
| Modifying agency | OCLCG |
| -- | CIRBC |
| 082 ## - DEWEY DECIMAL CLASSIFICATION NUMBER | |
| Classification number | 252 |
| Item number | CHA |
| 092 0# - LOCALLY ASSIGNED DEWEY CALL NUMBER (OCLC) | |
| Classification number | 252 |
| Item number | C4672o |
| 100 1# - MAIN ENTRY--PERSONAL NAME | |
| Personal name | Chappell, Clovis Gillham, |
| Dates associated with a name | 1882-1972. |
| 9 (RLIN) | 8989 |
| 245 10 - TITLE STATEMENT | |
| Title | Sermons on Old Testament characters. Sermons on New Testament characters / |
| Statement of responsibility, etc. | Clovis G. Chappell. |
| 260 ## - PUBLICATION, DISTRIBUTION, ETC. | |
| Place of publication, distribution, etc. | New York : |
| Name of publisher, distributor, etc. | Harper & Brothers, |
| Date of publication, distribution, etc. | 1925, 1924. |
| 300 ## - PHYSICAL DESCRIPTION | |
| Extent | 169, 189 p. ; |
| Dimensions | 20 cm. |
| 500 ## - GENERAL NOTE | |
| General note | Spine title : Sermons on Old and New Testament characters. |
| 500 ## - GENERAL NOTE | |
| General note | Separate title pages. |
| 630 00 - SUBJECT ADDED ENTRY--UNIFORM TITLE | |
| Uniform title | Bible |
| Form subdivision | Biography. |
| 9 (RLIN) | 1918 |
| 700 1# - ADDED ENTRY--PERSONAL NAME | |
| Personal name | Chappell, Clovis Gillham, |
| Dates associated with a name | 1882-1972. |
| 9 (RLIN) | 8989 |
| 740 0# - | |
| -- | Sermons on Old and New Testament characters. |
| 942 ## - ADDED ENTRY ELEMENTS (KOHA) | |
| Source of classification or shelving scheme | Dewey Decimal Classification |
| Koha item type | Books |
| Withdrawn status | Lost status | Source of classification or shelving scheme | Damaged status | Not for loan | Home library | Current Library | Shelving location | Date acquired | Total checkouts | Full call number | Barcode | Date last seen | Copy number | Price effective from | Koha item type |
|---|---|---|---|---|---|---|---|---|---|---|---|---|---|---|---|
| Dewey Decimal Classification | GRACE BIBLE COLLEGE | GRACE BIBLE COLLEGE | Ministry & Mission | 2022-02-03 | 252 CHA | 004849 | 2025-05-01 | c.1 | 2022-02-03 | Books |